000 01299nam a22003251i 4500
003 EG-GICUC
005 20260121101327.0
008 251120s1989 ua d|||fr|||| 00| 0 ara d
017 _a۱۹۸۹ / ۷۹۹۷
020 _a9773731147
040 _a EG-GICUC
_bara
_c EG-GICUC
_d EG-GICUC
_erda
041 0 _aara
082 0 4 _221
_a345
_bع ب . ق
092 0 4 _221
099 _aLaw1 07 345 ع ب . ق 1 ed - 1989
100 0 _aعبد المنعم محفوظ
_eمؤلف.
245 1 0 _aقضاء المشروعية :
_bوفلسفة الإنفتاح الإقتصادي في مصر (دراسة مقارنة) /
_cالدكتور عبد المنعم محفوظ.
250 _aالطبعة الأولى
264 1 _aالقاهرة :
_b[دون دار نشر]،
_c1989.
300 _a500 صفحة :
_bإيضاحيات ؛
_c24 سم.
336 _2rda content
_atext
337 _2rda media
_aComputer
338 _2rda carrier
_aOnline Resource
504 _aيشتمل على إرجاعات ببلوجرافية.
546 _aالنص أغلبه باللغة العربية بعض النصوص الإنجليزية والفرنسية
650 1 4 _aالقانون الإداري
856 4 0 _uhttps://fll.law.cu.edu.eg/fulltext/bks/B07-00837.pdf
905 _a32
_eYara
942 _2ddc
_cBK
_e21
_n0
999 _c45027
_d45027